[Event "GER-chT U16"]
[Site "Darmstadt"]
[Date "2022.12.29"]
[Round "5"]
[White "Roemer, Alois"]
[Black "Erhardt, Daniel"]
[Result "1-0"]
[WhiteElo "1692"]
[BlackElo "1324"]
[PlyCount "109"]
[EventDate "2022.12.26"]
[EventType "team-swiss"]
[EventRounds "7"]
[EventCountry "GER"]
[SourceTitle "CBM 212 Extra"]
[Source "ChessBase"]
[SourceDate "2023.03.31"]
[SourceVersion "1"]
[SourceVersionDate "2023.03.31"]
[SourceQuality "1"]
[WhiteTeam "Brackel"]
[BlackTeam "Ostfildern"]
[WhiteTeamCountry "GER"]
[BlackTeamCountry "GER"]

1. e4 e5 2. f4 d5 3. exd5 exf4 4. Nf3 Nf6 5. Nc3 Bb4 6. Bc4 b6 7. 0-0 0-0 8. a3 Bxc3 9. dxc3 Bb7 10. d6 Qxd6 11. Qxd6 cxd6 12. Bxf4 d5 13. Bb3 h6 14. Rad1 Rd8 15. Ne5 Nbd7 16. Nxd7 Rxd7 17. Bxh6 Ba6 18. Rf5 Rad8 19. Be3 Ng4 20. Bd4 Nh6 21. Re5 Kf8 22. a4 Ng4 23. Ree1 Nh6 24. Rd2 Nf5 25. Kf2 f6 26. g4 Ne7 27. a5 bxa5 28. Bc5 Kf7 29. Bxe7 Rxe7 30. Rxe7+ Kxe7 31. Rxd5 Rxd5 32. Bxd5 Kd6 33. Bf3 a4 34. Ke3 Ke5 35. Bc6 Bc8 36. Kf3 a3 37. bxa3 Ba6 38. h4 Bc4 39. Ke3 Be6 40. Bf3 a5 41. Be2 Bc8 42. c4 g6 43. Bd3 Bxg4 44. Bxg6 f5 45. h5 f4+ 46. Kf2 Kf6 47. c5 Kg5 48. c6 Kf6 49. c4 Ke7 50. h6 Kf8 51. h7 Kg7 52. c7 Kh8 53. c5 Bd7 54. c6 Bc8 55. Be8 1-0

[Event "Baden-ch U1400"]
[Site "Walldorf"]
[Date "2017.07.28"]
[Round "4"]
[White "Erhardt, Daniel"]
[Black "Karl, Ulrich"]
[Result "0-1"]
[WhiteElo "1063"]
[BlackElo "795"]
[PlyCount "52"]
[EventDate "2017.07.26"]
[EventType "swiss"]
[EventRounds "7"]
[EventCountry "GER"]
[SourceTitle "EXT 2018"]
[Source "ChessBase"]
[SourceDate "2017.10.13"]
[SourceVersion "1"]
[SourceVersionDate "2017.10.13"]
[SourceQuality "1"]

1. e4 e5 2. Nf3 Nc6 3. Bb5 Bd6 4. d3 Nf6 5. c3 h6 6. Nbd2 a6 7. Ba4 Bc5 8. h3 d6 9. Nf1 Be6 10. Ng3 Bd7 11. 0-0 Qe7 12. Bb3 0-0-0 13. d4 Bb6 14. Nd2 exd4 15. cxd4 Bxd4 16. Qe2 Be6 17. Nc4 d5 18. Nd2 g6 19. Bc2 h5 20. Bd3 Nb4 21. exd5 Nfxd5 22. Bc4 Nf4 23. Qe4 Qd6 24. Be2 h4 25. Nh1 Be5 26. Bf3 Ne2+ 0-1

[Event "Baden-ch U1400"]
[Site "Walldorf"]
[Date "2017.07.27"]
[Round "2"]
[White "Goetzmann, Luca"]
[Black "Erhardt, Daniel"]
[Result "0-1"]
[WhiteElo "761"]
[BlackElo "1063"]
[PlyCount "68"]
[EventDate "2017.07.26"]
[EventType "swiss"]
[EventRounds "7"]
[EventCountry "GER"]
[SourceTitle "EXT 2018"]
[Source "ChessBase"]
[SourceDate "2017.10.13"]
[SourceVersion "1"]
[SourceVersionDate "2017.10.13"]
[SourceQuality "1"]

1. e4 e5 2. Nf3 Nc6 3. Bc4 Bc5 4. Nc3 Nf6 5. d3 d6 6. Nd5 Bg4 7. Bg5 Nd4 8. c3 Nxf3+ 9. gxf3 Bh3 10. Qd2 h6 11. Be3 Nxd5 12. Bxd5 Bxe3 13. Qxe3 c6 14. Bc4 Qh4 15. 0-0-0 b5 16. Bb3 Qe7 17. Rhg1 g5 18. d4 Be6 19. Kc2 Kd7 20. Rg3 Rhb8 21. d5 cxd5 22. exd5 Bf5+ 23. Kc1 a5 24. a4 bxa4 25. Bxa4+ Kd8 26. Bc6 Ra6 27. Qe2 Rab6 28. Qc4 e4 29. Re1 Rxb2 30. fxe4 Rb1+ 31. Kd2 R8b2+ 32. Kd3 Rxe1 33. exf5 Qe2+ 34. Kd4 Qe4# 0-1